Vakuolizované neuróny v hornom krčnom gangliu potkana po opakovanom strese

Bibliographic Details
Main Authors: Matulajová, Mária (Author), Kapeller, Karol, 1926-2023 (Author), Kiss, Alexander, 1948- (Author)
Format: Article
Language:Slovak
PhysicalDescription:Obr. 4. Res. angl., lit. 26 zázn. v slov., angl., nem.
Subjects:

MARC

LEADER 00000nab a2200000 a 4500
001 vtls000366475
003 SK-MaSNL
005 20260304212211.0
008 230214c1989 xo 0 slo
015 |a SNBRB19rr/mm-uuuuu 
035 |a CL0366597 
035 |a urn:nbn:sk:snk-ab8v7 
035 |a (urnnbn)urn:nbn:sk:snk:ar-a03eol 
035 |a (uuid)c1caee84-922a-4892-8b9b-a1b139b829d0 
040 |a SNKBUCL  |b slo  |c SNKBUCL  |e AACR2 
041 0 |a slo 
044 |a xo  |c SK 
080 |a 612.815  |2 1981 
080 |a 612.6.06  |2 1981 
100 1 |a Matulajová, Mária  |4 aut  |9 1544063 
245 1 0 |a Vakuolizované neuróny v hornom krčnom gangliu potkana po opakovanom strese  |c Mária Matulajová, Karol Kapeller, Alexander Kiss ; Karol Kapellr 
300 |b Obr. 4. Res. angl., lit. 26 zázn. v slov., angl., nem. 
650 0 7 |a krčné gangliá  |2 snkbucl  |9 1544064 
650 0 7 |a vakuolizované neuróny  |2 snkbucl  |9 1544065 
655 7 |a články z novín a časopisov  |2 snkbucl  |9 267496 
700 1 |a Kapeller, Karol,  |d 1926-2023  |4 aut  |9 237542 
700 1 |a Kiss, Alexander,  |d 1948-  |4 aut  |9 153931 
773 0 |t Bratislavské lekárske listy  |g Roč. 90, č. 11 (1989), s. 793-800 
850 |a Slovenská národná knižnica v Martine  |a MTA001 
852 |a SNK  |b KIS3GCP 
954 |a odborná, vedecká literatúra pôvodná (slovenská)  |2 lita 
958 |a MI 
958 |a NB 
958 |a RK 
958 |a OND 
958 |a EUIPO 
958 |a article27 
992 |a RBX 
999 |c 3130321  |d 3132251